Canadian journal of agricultural economics

Salvato in:
Dettagli Bibliografici
Natura: Periodico
Lingua:inglese
Pubblicazione: Ottawa Canadian Agricultural Economics Society 1981
Tags: Aggiungi Tag
Nessun Tag, puoi essere il primo ad aggiungerne!!

MARC

LEADER 00000nas2a2200000 4500
001 s123247
005 20250730114216.9
041 0 |a eng 
044 |a CA 
245 1 0 |a Canadian journal of agricultural economics 
264 1 |a Ottawa  |b Canadian Agricultural Economics Society  |c 1981 
300 |a 1 zv. 
773 0 |w eu_un_cat*s120589